Agriculture and economic development / (Record no. 15164)

000 -LEADER
fixed length control field 00522nam a2200181 a 4500
020 ## - INTERNATIONAL STANDARD BOOK NUMBER
ISBN 0710801424 :
020 ## - INTERNATIONAL STANDARD BOOK NUMBER
ISBN 0710801378 (pbk.)
040 ## - CATALOGING SOURCE
Transcribing agency MH
082 ## - DEWEY DECIMAL CLASSIFICATION NUMBER
Classification number 796 DIS 1984 A088 Or.
100 1# - MAIN ENTRY--AUTHOR NAME
Personal name Ghatak, Subrata,
245 10 - TITLE STATEMENT
Title Agriculture and economic development /
260 ## - PUBLICATION, DISTRIBUTION, ETC. (IMPRINT)
Place of publication Brighton, Sussex :
Name of publisher Wheatsheaf Books :
-- Distributed by Harvester Press,
Year of publication 1984.
300 ## - PHYSICAL DESCRIPTION
Number of Pages xii, 380 p. :
Other physical details ill. ;
Dimensions 23 cm.
650 #0 - SUBJECT ADDED ENTRY--TOPICAL TERM
Topical Term Agriculture
650 #0 - SUBJECT ADDED ENTRY--TOPICAL TERM
Topical Term Economic development.
700 1# - ADDED ENTRY--PERSONAL NAME
Personal name Ingersent, K. A.
942 ## - ADDED ENTRY ELEMENTS (KOHA)
Koha item type សៀវភៅភាសាអង់គ្លេស
952 ## - LOCATION AND ITEM INFORMATION (KOHA)
Withdrawn status [LOCAL, KOHA] 0
Holdings
Permanent Location Date acquired Koha item type Lost status Shelving location Barcode Current Location Full call number
Library Block A2017-11-13សៀវភៅភាសាអង់គ្លេស A088A07794Library Block A796 DIS 1984 A088 Or.
មជ្ឈមណ្ឌលឯការនៃសាកលវិទ្យាល័យភូមិន្ទកសិកម្មចំការដូង

Powered by Koha